000 00363nam a2200145Ia 4500
008 191201s2012 xx 000 0 und d
082 _a658.18
_bMUB
100 _aMURTHY,C.S.V
245 0 _aBusiness ethics and corporate governance
250 _aEd.
260 _aN.Delhi
_bHimala Publication House
_c2012
300 _a434
650 _aMBA
942 _2ddc
_cBK
_02
999 _c5467
_d5467